Water and poverty in the Southwest /

Bibliographic Details
Main Author: Brown, F. Lee (Franklin Lee)
Other Authors: Ingram, Helen M., 1937-
Format: Book
Language:English
Published: Tucson : University of Arizona Press, [1987]
Subjects:

MARC

Tag First Indicator Second Indicator Subfields
LEADER 00000cam a2200000 a 4500
001 in00000006959
005 20151004070019.0
008 870813s1987 azub b s00110 eng
010 |a  87019217  
020 |a 0816510385 (alk. paper) :  |c $19.95 
020 |a 0816510474 (pbk. : alk. paper) :  |c $12.95 
035 |a (OCoLC)16578376 
035 |9 AAA1420AM 
040 |a DLC  |c DLC  |d UtOrBLW 
043 |a n-usu--  |a n-usp-- 
049 |a TXAM  |c [A12630355] 
050 0 0 |a HD1695.A165  |b B76 1987 
082 0 |a 333.91/00979  |2 19 
100 1 |a Brown, F. Lee  |q (Franklin Lee) 
245 1 0 |a Water and poverty in the Southwest /  |c F. Lee Brown and Helen M. Ingram, with contributions from Gilbert Bonem [and others]. 
264 1 |a Tucson :  |b University of Arizona Press,  |c [1987] 
264 4 |c ©1987 
300 |a xi, 226 pages :  |b maps ;  |c 23 cm. 
336 |a text  |b txt  |2 rdacontent 
337 |a unmediated  |b n  |2 rdamedia 
338 |a volume  |b nc  |2 rdacarrier 
504 |a Bibliography: pages 199-217. 
500 |a Includes index. 
650 0 |a Water-supply, Rural  |z Southwestern States. 
650 0 |a Rural poor  |z Southwestern States. 
700 1 |a Ingram, Helen M.,  |d 1937- 
999 |a MARS 
999 f f |s cfcec2d2-4d2f-3499-9ec4-e260b48ac069  |i f3e6c87f-ea64-30e3-b3ea-f3b8852c9ba6  |t 0 
952 f f |p normal  |a Texas A&M University  |b College Station  |c Sterling C. Evans Library  |d Evans: Library Stacks  |t 0  |e HD1695.A165 B76 1987  |h Library of Congress classification  |i unmediated -- volume  |m A14812630355 
998 f f |a HD1695.A165 B76 1987  |t 0  |l Evans: Library Stacks